| 000 | 03482cam a22004694a 4500 | ||
|---|---|---|---|
| 001 | muse93084 | ||
| 003 | MdBmJHUP | ||
| 005 | 20210127151831.0 | ||
| 006 | m o d | ||
| 007 | cr||||||||nn|n | ||
| 008 | 191118s2020 mau o 00 0 eng d | ||
| 010 | _z 2019954802 | ||
| 020 | _a9781643150147 | ||
| 020 | _z9781643150130 | ||
| 035 | _a(OCoLC)1154311138 | ||
| 040 |
_aMdBmJHUP _cMdBmJHUP |
||
| 100 | 1 |
_aHayton, Darin, _eauthor. |
|
| 245 | 1 | 0 |
_aNew Materials _bTowards a History of Consistency / _cAmy E. Slaton, Darin Hayton, Scott Gabriel Knowles, Sharon Tsia-hsuan Ku, Projit Bihari Mukharji, Rafico Ruiz, Tiago Saraiva, Karen Senaga, Jose L. Torero, Patryk Wasiak. |
| 264 | 1 | _bLever Press, | |
| 264 | 3 | _bProject MUSE, | |
| 300 | _a1 online resource (pages cm) | ||
| 506 | 0 |
_aOpen Access _fUnrestricted online access _2star |
|
| 520 |
_a"This edited volume gathers eight cases of industrial materials development, broadly conceived, from North America, Europe and Asia over the last 200 years. Whether given utility as building parts, fabrics, pharmaceuticals, or foodstuffs, whether seen by their proponents as human-made or "found in nature," materials result from the designation of some matter as both knowable and worth knowing about. In following these determinations we learn that the production of physical novelty under industrial, imperial and other cultural conditions has historically accomplished a huge range of social effects, from accruals of status and wealth to demarcations of bodies and geographies. Among other cases, New Materials traces the beneficent self-identity of Quaker asylum planners who devised soundless metal cell locks in the early 19th century, and the inculcation of national pride attending Taiwanese carbon-fiber bicycle parts in the 21st; the racialized labor organizations promoted by California orange breeders in the 1910s, and bureaucratized distributions of blame for deadly high-rise fires a century later. Across eras and global regions New Materials reflects circumstances not made clear when technological innovation is explained solely as a by-product of modernizing impulses or critiqued simply as a craving for profit. Whether establishing the efficacy of nano-scale pharmaceuticals or the tastiness of farmed catfish, proponents of new materials enact complex political ideologies. In highlighting their actors' conceptions of efficiency, certainty, safety, pleasure, pain, faith and identity, the authors reveal that to produce a "new material" is invariably to preserve other things, to sustain existing values and social structures"-- _cProvided by publisher. |
||
| 588 | _aDescription based on print version record. | ||
| 655 | 7 |
_aElectronic books. _2local |
|
| 700 | 1 |
_aWasiak, Patryk, _eauthor. |
|
| 700 | 1 |
_aTorero, Jose L., _eauthor. |
|
| 700 | 1 |
_aSenaga, Karen, _eauthor. |
|
| 700 | 1 |
_aSaraiva, Tiago, _eauthor. |
|
| 700 | 1 |
_aRuiz, Rafico, _eauthor. |
|
| 700 | 1 |
_aMukharji, Projit Bihari, _eauthor. |
|
| 700 | 1 |
_aKu, Sharon Tsia-hsuan, _eauthor. |
|
| 700 | 1 |
_aKnowles, Scott Gabriel, _eauthor. |
|
| 700 | 1 |
_aSlaton, Amy E., _eeditor. |
|
| 710 | 2 |
_aProject Muse. _edistributor |
|
| 830 | 0 | _aBook collections on Project MUSE. | |
| 856 | 4 | 0 |
_zFull text available: _uhttps://muse.jhu.edu/book/78801/ |
| 999 |
_c27199 _d27199 |
||